<?xml version="1.0" encoding="UTF-8"?><?xml-stylesheet type="text/xsl" href="static/style.xsl"?><OAI-PMH xmlns="http://www.openarchives.org/OAI/2.0/" xmlns:xsi="http://www.w3.org/2001/XMLSchema-instance" xsi:schemaLocation="http://www.openarchives.org/OAI/2.0/ http://www.openarchives.org/OAI/2.0/OAI-PMH.xsd"><responseDate>2026-04-18T00:15:51Z</responseDate><request verb="GetRecord" identifier="oai:www.recercat.cat:20.500.12327/2724" metadataPrefix="marc">https://recercat.cat/oai/request</request><GetRecord><record><header><identifier>oai:recercat.cat:20.500.12327/2724</identifier><datestamp>2025-10-22T11:31:00Z</datestamp><setSpec>com_2072_4428</setSpec><setSpec>com_2072_4427</setSpec><setSpec>col_2072_487898</setSpec></header><metadata><record xmlns="http://www.loc.gov/MARC21/slim" xmlns:dcterms="http://purl.org/dc/terms/" xmlns:xsi="http://www.w3.org/2001/XMLSchema-instance" xmlns:doc="http://www.lyncode.com/xoai" xsi:schemaLocation="http://www.loc.gov/MARC21/slim http://www.loc.gov/standards/marcxml/schema/MARC21slim.xsd">
   <leader>00925njm 22002777a 4500</leader>
   <datafield ind2=" " ind1=" " tag="042">
      <subfield code="a">dc</subfield>
   </datafield>
   <datafield ind2=" " ind1=" " tag="720">
      <subfield code="a">Martino, Laura</subfield>
      <subfield code="e">author</subfield>
   </datafield>
   <datafield ind2=" " ind1=" " tag="720">
      <subfield code="a">Crespo-Picazo, José Luís</subfield>
      <subfield code="e">author</subfield>
   </datafield>
   <datafield ind2=" " ind1=" " tag="720">
      <subfield code="a">García-Parraga, Daniel</subfield>
      <subfield code="e">author</subfield>
   </datafield>
   <datafield ind2=" " ind1=" " tag="720">
      <subfield code="a">Alomar, Jaume</subfield>
      <subfield code="e">author</subfield>
   </datafield>
   <datafield ind2=" " ind1=" " tag="720">
      <subfield code="a">Serrano, Bárbara</subfield>
      <subfield code="e">author</subfield>
   </datafield>
   <datafield ind2=" " ind1=" " tag="720">
      <subfield code="a">Cobos, Alex</subfield>
      <subfield code="e">author</subfield>
   </datafield>
   <datafield ind2=" " ind1=" " tag="720">
      <subfield code="a">Pérez-Rodriguez, Maria Dolores</subfield>
      <subfield code="e">author</subfield>
   </datafield>
   <datafield ind2=" " ind1=" " tag="720">
      <subfield code="a">Frau, María</subfield>
      <subfield code="e">author</subfield>
   </datafield>
   <datafield ind2=" " ind1=" " tag="720">
      <subfield code="a">Espada, Yvonne</subfield>
      <subfield code="e">author</subfield>
   </datafield>
   <datafield ind2=" " ind1=" " tag="720">
      <subfield code="a">Abarca, Maria Lourdes</subfield>
      <subfield code="e">author</subfield>
   </datafield>
   <datafield ind2=" " ind1=" " tag="720">
      <subfield code="a">Escaño, Paula</subfield>
      <subfield code="e">author</subfield>
   </datafield>
   <datafield ind2=" " ind1=" " tag="720">
      <subfield code="a">Domingo, Mariano</subfield>
      <subfield code="e">author</subfield>
   </datafield>
   <datafield ind2=" " ind1=" " tag="260">
      <subfield code="c">2023-08-03</subfield>
   </datafield>
   <datafield ind2=" " ind1=" " tag="520">
      <subfield code="a">Pneumothorax, the accumulation of air in the pleural cavity, occurs when air enters&#xd;
the pleural space by the pleuro-cutaneous, pleuro-pulmonary, or pleuro-oesophageal-mediastinal&#xd;
route. Tension pneumothorax is an infrequent and severe form of pneumothorax where a positive&#xd;
pressure in the pleural space is built up during at least part of the respiratory cycle, with compression of both lungs and mediastinal vessels, and, if unilateral, with midline deviation towards the&#xd;
unaffected hemithorax. We describe 9 cases of tension pneumothorax in 3 species of small cetaceans (striped dolphin Stenella coeruleoalba, common dolphin Delphinus delphis, and common&#xd;
bottlenose dolphin Tursiops truncatus) from the western Mediterranean coast of Spain, and one&#xd;
case from a dolphinarium. Computed tomography (CT) imaging performed in 2 carcasses before&#xd;
necropsy showed lung compression, midline deviation, and pressure on the diaphragm, which&#xd;
was caudally displaced. Tension pneumothorax was recognized at necropsy by the presence of&#xd;
pressurized air in one of the hemithoraces. Seven of the pneumothorax cases were spontaneous&#xd;
(2 primary and 5 secondary to previous lung pathology). In the other 2 dolphins, the pneumothorax was traumatic, due to oesophageal-pleural perforation or rib fractures. We hypothesize that&#xd;
pneumothorax in dolphins is predominantly tensional because of their specific anatomical and&#xd;
physiological adaptations to marine life and the obligate exposure to extreme pressure changes as&#xd;
diving mammals.</subfield>
   </datafield>
   <datafield ind1="8" ind2=" " tag="024">
      <subfield code="a">Martino, Laura, José Luís Crespo-Picazo, Daniel García-Parraga, Jaume Alomar, Bárbara Serrano, Alex Cobos, and Maria Dolores Pérez-Rodriguez, et al. 2023. “Tension Pneumothorax in Small Odontocetes.” Diseases of Aquatic Organisms. 155: 43-57. doi: 10.3354/dao03741.</subfield>
   </datafield>
   <datafield ind1="8" ind2=" " tag="024">
      <subfield code="a">0177-5103</subfield>
   </datafield>
   <datafield ind1="8" ind2=" " tag="024">
      <subfield code="a">http://hdl.handle.net/20.500.12327/2724</subfield>
   </datafield>
   <datafield ind1="8" ind2=" " tag="024">
      <subfield code="a">https://doi.org/10.3354/dao03741</subfield>
   </datafield>
   <datafield ind2="0" ind1="0" tag="245">
      <subfield code="a">Tension pneumothorax in small odontocetes</subfield>
   </datafield>
</record></metadata></record></GetRecord></OAI-PMH>